000 01894ngm a22003970a 4500
001 PT47687
003 AR-LpoUNG
005 20210202000020.0
007 vd cvaizq
008 191001s2009||||ag |||||||||||||||||spa d
037 _c$2,50
040 _aAR-LpoUNG
_bspa
_cAR-LpoUNG
_eaacr
041 _aspa
044 _aag
082 0 _a307.72 969hua
100 1 _aCuman, Silvina
_edir.
245 1 0 _aHuanacache :
_btierra huarpe
260 _aBuenos Aires :
_bMiradas al sur,
_c2009.
300 _aDVD (31 min.) : son., col.
520 _aHuanacache muestra el presente de un pueblo que, por muchos años, se lo dio por muerto. La lejanía, la falta de agua, la tierra seca, no lo hizo abandonar su territorio. Los huarpes, desde el silencio, resisten. Esta historia, talvez, no es muy distinta a la que vivieron otros pueblos originarios. El destierro, el olvido y por qué no la acidia de los gobiernos que parecen tener memoria, sólo en tiempos de elecciones. Las Lagunas de Huanacache son una zona geográfica que comprende el Noreste de Mendoza y Sudeste de San Juan, Argentina. Allí se refugiaron los huarpes, escapando de las encomiendas a las minas de Chile. En otros tiempos éstas Lagunas llenas de agua y abundancia daban vida a un pueblo que navegaba en sus balsas de totora. Desde hace años las lagunas se convirtieron en cráteres. Hoyos llenos de arena y desolación. Como dijo un gran amigo y poeta, los huarpes siguen "arenando una esperanza".
650 4 _aAMBIENTE RURAL
650 4 _aARGENTINA
650 4 _aDESARROLLO RURAL
650 4 _aDESIGUALDAD RURAL URBANA
650 4 _aPOBLACION RURAL
650 4 _aPOBREZA
650 4 _aSOCIOLOGIA RURAL
651 4 _aArgentina
653 _aCINE ARGENTINO
653 _aDOCUMENTALES
653 _aDVD
653 _aVIDEOS
700 1 _aOrradre, Javier
_edir.
905 _a47687
942 _cDVD
999 _c53964
_d53964